Las 5 ciudades más grandes de Colombia - Statistics

General Stats
  • This quiz has been taken 17 times
  • The average score is 4 of 5
Answer Stats
Ciudad Población % Correct
2,285,099 Cali
100%
7,937,898 Bogotá
93%
2,634,570 Medellín
93%
1,342,818 Barranquilla
86%
1,065,881 Cartagena
71%
No matching quizzes found
Score Distribution
Percent of People with Each Score
Percentile by Number Answered
Your Score History
You have not taken this quiz